| 000 | 01315cam a2200361 a 4500 | ||
|---|---|---|---|
| 001 | 1292 | ||
| 005 | 20230811112629.0 | ||
| 008 | 110418s2011 nyu c 000 1 eng | ||
| 020 | _a9780545258975 (hardcover) | ||
| 020 | _a9780545259033 | ||
| 040 |
_aDLC _cDLC _dDLC _beng |
||
| 050 | 0 | 0 |
_aPZ7.N647 _bTr 2011 |
| 082 | 0 | 0 |
_a[Fic] _222 |
| 100 | 1 | _aNix, Garth. | |
| 245 | 1 | 0 |
_aThe magic / _cGarth Nix and Sean Williams. |
| 246 | 3 | _aTrouble twisters | |
| 250 | _aThis edition first printing, May 2012 | ||
| 260 |
_aNew York : _bScholastic Press, _c2011. |
||
| 300 |
_a293 pages ; _c22 cm |
||
| 490 | _3Troubletwisters | ||
| 505 | _aQ | ||
| 520 | _aWhen their house mysteriously explodes and they are sent to live with an unknown relative named Grandma X, twelve-year-old twins Jaide and Jack Shield learn that they are troubletwisters, young Wardens just coming into their powers, who must protect humanity from The Evil trying to break into Earth's dimension. | ||
| 521 |
_a910
_bLexile |
||
| 521 |
_aQ
_bRaz-Plus |
||
| 650 | 1 |
_aMagic _vFiction. |
|
| 650 | 1 |
_aSiblings _vFiction. |
|
| 650 | 1 |
_aTwins _vFiction. |
|
| 650 | 1 |
_aGrandmothers _vFiction. |
|
| 650 | 1 | _aFantasy. | |
| 700 | 1 |
_aWilliams, Sean, _d1967- _cauthor |
|
| 906 |
_a7 _bcbc _corignew _d1 _eecip _f20 _gy-gencatlg |
||
| 942 |
_2ddc _cBK _n0 |
||
| 999 |
_c1292 _d1292 |
||